3 Most Guessed Countries on the Most Guessed Country by Continent... - Statistics

General Stats
  • This quiz has been taken 24 times
  • The average score is 3 of 3
Answer Stats
Continent % Guessed (Original Quiz) % Guessed (Second Quiz) % Guessed (Third Quiz) Answer % Correct
Oceania 94% 97% 100% Australia
100%
South America 94% 97% 100% Brazil
100%
Asia 95% 98% 100% China
100%
No matching quizzes found
Score Distribution
Percent of People with Each Score
Percentile by Number Answered
Your Score History
You have not taken this quiz